00341nam a2200121Ia 4500008004100000041000800041082001600049100001700065245004500082260004700127300003300174365001200207240624s9999 xx 000 0 und d aeng a658.408 CRA aCRANE ANDREW aOXFORD HANDBOOK OF CORPORATE SOCIAL RESP c2009aExch.OxfordbOxford University Press axviii, : 608 : p. : 23 : cm. cGBPb30